| 000 | 00339 a2200133 4500 | ||
|---|---|---|---|
| 001 | 79082 | ||
| 082 | _a421.4021 ZEM | ||
| 100 | _aZemansky, Mark | ||
| 245 |
_aHeat and Thermodynamics 7th Edition _hEnglish |
||
| 260 |
_aIndia _bTata Mcgraw Hill India |
||
| 300 | _axx 386p | ||
| 500 | _aDOS BS Reference Books | ||
| 505 | _aAHQ Books | ||
| 942 |
_aCAE NUST _k621.4021 ZEM |
||
| 999 |
_c314155 _d314155 |
||